| 000 | 00000nam 2200000zi 4500 |
| 001 | 9.940518 |
| 003 | CaOODSP |
| 005 | 20240726153559 |
| 006 | m o d f |
| 007 | cr cn||||||||| |
| 008 | 240712e201004##onc o f000 0 eng d |
| 040 | |aCaOODSP|beng|erda|cCaOODSP |
| 043 | |an-cn--- |
| 086 | 1 |aIN4-61/2010E-PDF |
| 245 | 00|aReport on Office of the Superintendent of Financial Institutions corporate services sector : |bhuman resources - payroll. |
| 264 | 1|a[Ottawa] : |bOffice of the Superintendent of Financial Institutions Canada = Bureau du surintendant des institutions financières Canada, |cApril 2010. |
| 300 | |a1 online resource (11 pages) |
| 336 | |atext|btxt|2rdacontent |
| 337 | |acomputer|bc|2rdamedia |
| 338 | |aonline resource|bcr|2rdacarrier |
| 500 | |aIssued also in French under title: Rapport de vérification du Groupe de la rémunération du Service des ressources humaines : Secteur des services intégrés. |
| 610 | 20|aOffice of the Superintendent of Financial Institutions Canada|xAuditing. |
| 650 | 0|aPayrolls|zCanada|xManagement|xAuditing. |
| 710 | 2 |aOffice of the Superintendent of Financial Institutions Canada, |eissuing body. |
| 775 | 08|tRapport de vérification du Groupe de la rémunération du Service des ressources humaines : |w(CaOODSP)9.941172 |
| 856 | 40|qPDF|s182 KB|uhttps://publications.gc.ca/collections/collection_2024/bsif-osfi/IN4-61-2010-eng.pdf |